Загрузка...
Kalaasaurabham
| Главный автор: | |
|---|---|
| Формат: | Printed Book |
| Опубликовано: |
1983
|
| Редактирование: | Ed.2 |
| LEADER | 003480000a22001210004500 | ||
|---|---|---|---|
| 040 | |a MAL | ||
| 082 | |a A4 DEV/K L3 | ||
| 100 | |a Devasia, P C | ||
| 245 | |a Kalaasaurabham | ||
| 250 | |a Ed.2 | ||
| 260 | |c 1983 | ||
| 999 | |c 26904 |d 26904 | ||
| 952 | |0 0 |1 0 |4 0 |6 A_000000000000000_4_DEVK_L3 |7 0 |8 MAL |9 26741 |a MGUL |b MGUL |d 2013-07-16 |l 0 |o A4 DEV/K L3 |p 04341 |r 2013-07-16 |w 2013-07-16 |y BK | ||